00846 2200301 4500001002100000005001500021035002000036007000300056040001600059100003600075245008800111300002600199020001800225041000800243082001000251084001600261090002000277264003500297336002100332337003000353338002300383650001100406850001000417008004100427700004300468250001100511990002200522INLIS00000000000454720260525111755 a0010-0122000179ta aSPBUPDbind0 aNorman Vincent PealeePengarang1 aBerpikir Positif: Kunci Sukses /cNorman Vincent Peale; penerjemah, Antonius Wuisan avi, 188 hal. ;c20 cm a979-415-895-X0 aind a153.8 a153.8 NOR b a153.8 OGD b 2-1 aJakarta :bGunung Mulia,c2004 2rdacontentaTeks 2rdamediaaTanpa Perantara 2rdacarrieravolume 4aSukses aPUPAD260525 0  apenerjemah, Antonius WuisanePengarang acet. 6 a1181/H/ARPUS/2007